000 01954nam a2200217Ia 4500
999 _c32802
_d32802
003 OSt
005 20210605105711.0
008 160316s2008 xxu||||| |||| 00| 0 eng d
020 _a9780761935704
040 _cN
082 _a303.600000
_bBAN
100 _aBanerjee Paula
245 _aWomen in peace politics
260 _aNew Delhi
_bSage Publications
_c2008
300 _a323p
_cxi
365 _b Rs. 495
505 _aTable of contents Series Note; Preface; I. IDEAS & IDEOLOGIES: Introduction - Samir Kumar Das ; Shefali - Ranabir Samaddar; Security, Gender and Conflict Prevention: Perceptions from South Asia - Sumona Dasgupta ; Ethnicity and Democracy Meet When Mothers Protest - Samir Kumar Das ; Afterword - Stree Shakti Sanghatana ; Islam, Feminism and the Women's Movement in Pakistan: 1981-1991 - Fauzia Gardezi ; Women, Nationalism and War: "Make Love Not War" - Rada Ivecovic ; II. MOVEMENTS: Introduction - Kalpana Kannabiran ; Women in Sri Lankan Peace Politics - Saro Thiruppathy and Nirekha De Silva ; Motherhood as a Space of Protest: Women's Political Participation in Contemporary Sri Lanka - Malathi De Alwis Negotiating Peace: Feminist Reflections - Kalpana Kannabiran, Volga and Vasantha Kannabiran ; The Space Between: Women's Negotiations with Democracy - Paula Banerjee; Minorities, Women and Peace: A South Asian Perspective - Meghna Guhathakurta ; III. VOICES: Introduction - Anuradha Bhasin Jamwal ; Shed No More Blood: Mothers for Peace; WAF to Continue Protest Against Discriminatory Laws; The Way of the World - Josiane Racine and Jean Luc Racine ; Chadur Aur Diwari - Fehmida Riyaz ; Drawing Lines, Erasing Lines: Feminism as a Resource in Opposing Xenophobia and Separatism - Cynthia Cockburn ; In Conversation with Dr Hanan Ashrawi - Aditi Bhaduri ; Further Readings on Themes in Peace Studies; Index
650 _a1. Women & Peace - South Asia
700 _a
_a
942 _2ddc
_cBK